01151cam a2200265 a 4500001001000000003000900010005001700019008004100036020001400077040002300091082001700114111011300131245018300244260003000427300002100457500002100478650008200499650004600581651008400627651004900711700003600760700002500796710002400821740004000845000002090DO-SdBNP20251028114243.0921104s1991 ve 101 0 spa  z980706720 aDO-SdBNPcDLCdDLC a333.7bC749a2 aCongreso Un Futuro para la Orinoquía-Amazoniad(1991 :cFundación Polar and Universidad Simón Bolivar)10aActas del Congreso Un Futuro para la Orinoquía-Amazonia /cInstituciones organizadoras, Fundación Terramar ... [et al.] ; editores, María Corina Wallis B., Klaus Jaffé C. aVenezuela :bs.n.,c1991. a152 p. ;c22 cm. aIncluye índice 4aPolítica ambientalzRegión Río Orinoco (Venezuela y Colombia)xCongreso 4aPolítica ambientalzVenezuelaxCongreso 4aRegión Río Orinoco (Venezuela Y Colombia)xPolítica económicaxCongreso 4aVenezuela xPolítica económicaxCongreso1 aWallis B., María Corina.eed.1 aJaffé, Klaus.eed.2 aFundacion Terramar.0 aFuturo para la orinoquía-amazonia